a list of some vocaloids - Statistics

General Stats
  • This quiz has been taken 137 times
  • The average score is 9 of 15
Answer Stats
Hint Answer % Correct
blue hair Hatsune Miku
100%
twin Kagamine Len
99%
twin Kagamine Rin
99%
pink hair Megurine Luka
96%
k Kaito
92%
m Meiko
92%
purple bish Gakupo
67%
2 letters IA
58%
one of the 1st Leon
55%
one of the 1st Lola
55%
red Fukase
42%
plant Flower
34%
cute Oliver
28%
prank Neru
19%
culture CUL
8%
No matching quizzes found
Score Distribution
Percent of People with Each Score
Percentile by Number Answered
Your Score History
You have not taken this quiz